[Event "Regionalliga SO 1516"]
[Site "Bayern"]
[Date "2015.12.13"]
[Round "4.7"]
[White "Poelt, Christoph"]
[Black "Loder, Wilhelm"]
[Result "0-1"]
[WhiteElo "1875"]
[BlackElo "2016"]
[PlyCount "92"]
[EventDate "2015.10.11"]
[EventType "team-tourn"]
[EventRounds "9"]
[EventCountry "GER"]
[SourceTitle "EXT 2018"]
[Source "ChessBase"]
[SourceDate "2017.10.13"]
[SourceVersion "1"]
[SourceVersionDate "2017.10.13"]
[SourceQuality "1"]
[WhiteTeam "Tegernsee"]
[BlackTeam "Ilmmuenster"]
[WhiteTeamCountry "GER"]
[BlackTeamCountry "GER"]

1. d4 Nf6 2. c4 g6 3. Nc3 Bg7 4. e4 d6 5. Nf3 0-0 6. Be2 e5 7. d5 Na6 8. Bg5 h6 9. Bh4 c5 10. Nd2 Nc7 11. a3 a5 12. Nb5 Nxb5 13. cxb5 Qc7 14. Bxf6 Bxf6 15. a4 Bg7 16. Bd3 f5 17. f3 b6 18. Nc4 Rb8 19. Qe2 Qe7 20. Rd1 Kf7 21. Kd2 Ke8 22. Kc2 Kd8 23. Rdf1 Kc7 24. Rf2 f4 25. Rff1 Bd7 26. Qf2 Bf6 27. Qe2 g5 28. h3 h5 29. Qd2 Rg8 30. Be2 Rg6 31. Rh2 Rbg8 32. Qd3 Qf7 33. Rfh1 Bd8 34. Nxa5 bxa5 35. b6+ Kb8 36. Qa6 Bc8 37. Qxa5 Qb7 38. Qc3 Qxb6 39. Ra1 Qa5 40. Qd3 R8g7 41. Rhh1 Rb7 42. Ra3 Rb4 43. Rha1 Rg7 44. Rb3 Rxb3 45. Qxb3+ Rb7 46. Qc3 Rb4 0-1

[Event "Regionalliga SO 1415"]
[Site "Bayern"]
[Date "2015.04.12"]
[Round "9.6"]
[White "Loder, Wilhelm"]
[Black "Penn, Peter"]
[Result "1-0"]
[WhiteElo "2016"]
[BlackElo "1897"]
[PlyCount "141"]
[EventDate "2014.10.19"]
[EventType "team-tourn"]
[EventRounds "9"]
[EventCountry "GER"]
[SourceTitle "EXT 2018"]
[Source "ChessBase"]
[SourceDate "2017.10.13"]
[SourceVersion "1"]
[SourceVersionDate "2017.10.13"]
[SourceQuality "1"]
[WhiteTeam "Ilmmuenster"]
[BlackTeam "Trostberg"]
[WhiteTeamCountry "GER"]
[BlackTeamCountry "GER"]

1. e4 e6 2. d4 d5 3. Nc3 Bb4 4. exd5 exd5 5. Qf3 Nc6 6. Bb5 Nge7 7. Nge2 0-0 8. 0-0 Bf5 9. Bd3 Bxd3 10. Qxd3 a6 11. Bf4 Bd6 12. Rad1 Ng6 13. Nxd5 Re8 14. Bxd6 Qxd6 15. c4 Rad8 16. Ng3 Nf4 17. Nxf4 Qxf4 18. Qf5 Qxf5 19. Nxf5 g6 20. d5 gxf5 21. dxc6 bxc6 22. a3 Rxd1 23. Rxd1 Re2 24. Rb1 Rc2 25. b3 Kf8 26. g3 Ke7 27. Re1+ Kf6 28. Re3 a5 29. a4 Rb2 30. Kg2 h6 31. Kf3 Rc2 32. h4 Rb2 33. Rd3 Ke6 34. Ke3 c5 35. f3 c6 36. Kf4 Rb1 37. Re3+ Kf6 38. Re5 Rxb3 39. Rxc5 Rb4 40. Rxc6+ Kg7 41. Kxf5 Rxa4 42. Kg4 Ra3 43. Ra6 Rc3 44. Rxa5 Rxc4+ 45. Kh5 Rc3 46. Kg4 Rc4+ 47. f4 Rb4 48. Ra6 Rb3 49. f5 h5+ 50. Kxh5 Rxg3 51. f6+ Kh7 52. Ra7 Rf3 53. Rxf7+ Kg8 54. Rg7+ Kh8 55. Rg6 Kh7 56. Rg7+ Kh8 57. Rg6 Kh7 58. Rh6+ Kg8 59. Kg5 Rf1 60. Rg6+ Kh7 61. h5 Rg1+ 62. Kf5 Rf1+ 63. Ke6 Re1+ 64. Kf7 Rf1 65. Kf8 Ra1 66. Rg7+ Kh8 67. Re7 Ra7 68. f7 Ra8+ 69. Re8 Ra7 70. Rd8 Rb7 71. Ke8 1-0

[Event "Regionalliga SO 1415"]
[Site "Bayern"]
[Date "2014.11.09"]
[Round "2.7"]
[White "Guenes, Erdogan"]
[Black "Loder, Wilhelm"]
[Result "1-0"]
[WhiteElo "1970"]
[BlackElo "2016"]
[PlyCount "81"]
[EventDate "2014.10.19"]
[EventType "team-tourn"]
[EventRounds "9"]
[EventCountry "GER"]
[SourceTitle "EXT 2018"]
[Source "ChessBase"]
[SourceDate "2017.10.13"]
[SourceVersion "1"]
[SourceVersionDate "2017.10.13"]
[SourceQuality "1"]
[WhiteTeam "Waldkraiburg"]
[BlackTeam "Ilmmuenster"]
[WhiteTeamCountry "GER"]
[BlackTeamCountry "GER"]

1. e4 d5 2. exd5 Qxd5 3. Nc3 Qd6 4. Nf3 Nf6 5. Be2 c6 6. d4 Bf5 7. 0-0 e6 8. Re1 Nbd7 9. Bc4 Qc7 10. Bb3 Be7 11. h3 h6 12. a4 0-0 13. g4 Bh7 14. g5 hxg5 15. Nxg5 Bf5 16. Qf3 g6 17. Nge4 Nxe4 18. Nxe4 Bxe4 19. Rxe4 Kg7 20. Bf4 Qd8 21. Kh2 Nf6 22. Be5 Bd6 23. Rh4 Bxe5+ 24. dxe5 Nd5 25. Rg4 Rh8 26. c4 Nc7 27. Rd1 Qe7 28. Rgd4 Qg5 29. Qg3 Qf5 30. Kg2 Rh5 31. Rf4 Qxe5 32. Rd7 Rf8 33. h4 Ne8 34. Bc2 Nf6 35. Qxg6+ Kh8 36. Qxf6+ Qxf6 37. Rxf6 Kg7 38. Rxe6 Rxh4 39. Re4 Rh6 40. Rxb7 Rg6+ 41. Kf3 1-0

[Event "Regionalliga SO 0910"]
[Site "Bayern"]
[Date "2010.04.11"]
[Round "9.3"]
[White "Loder, Wilhelm"]
[Black "Gschwendtner, Klaus"]
[Result "1-0"]
[WhiteElo "2099"]
[BlackElo "2111"]
[PlyCount "120"]
[EventDate "2009.10.18"]
[EventType "team-tourn"]
[EventRounds "9"]
[EventCountry "GER"]
[SourceTitle "EXT 2011"]
[Source "ChessBase"]
[SourceDate "2010.11.26"]
[SourceVersion "1"]
[SourceVersionDate "2010.11.26"]
[SourceQuality "1"]
[WhiteTeam "Ilmmuenster"]
[BlackTeam "Starnberg"]
[WhiteTeamCountry "GER"]
[BlackTeamCountry "GER"]

1. e4 e5 2. Nf3 Nc6 3. Bb5 a6 4. Ba4 Nf6 5. Qe2 d6 6. c3 Be7 7. 0-0 0-0 8. Rd1 b5 9. Bc2 Bg4 10. h3 Bh5 11. d3 Nd7 12. Nbd2 Bf6 13. Nf1 Nb6 14. Ng3 Bg6 15. d4 Qc8 16. dxe5 dxe5 17. Nh2 Rd8 18. Ng4 Rxd1+ 19. Qxd1 Qe6 20. Bb3 Qe7 21. Nxf6+ Qxf6 22. Be3 Na5 23. Bc2 Nac4 24. Bc1 Rd8 25. Qe2 Qc6 26. Nf1 a5 27. Ne3 Nxe3 28. Bxe3 Nc4 29. Bc1 h6 30. a4 b4 31. cxb4 axb4 32. Bb3 Rd4 33. f3 Qc5 34. Kh2 Na5 35. Bd1 Rd6 36. Be3 Qc6 37. Rc1 Qd7 38. b3 Rd3 39. Bc2 Rc3 40. Rb1 Qc6 41. Bd1 f6 42. Bd2 Bf7 43. Bxc3 Qxc3 44. Qc2 Qe3 45. Qxc7 Nxb3 46. Bxb3 Bxb3 47. Qb8+ Kh7 48. Qxb4 Bc2 49. Ra1 Qf4+ 50. Kh1 Bd3 51. a5 f5 52. Qf8 g6 53. a6 Bxa6 54. Qf7+ Kh8 55. Qf6+ Kh7 56. Qxa6 h5 57. exf5 Qxf5 58. Qa7+ Kh6 59. Qe3+ g5 60. Ra6+ Kg7 1-0

[Event "Regionalliga SO 0910"]
[Site "Bayern"]
[Date "2010.02.28"]
[Round "7.3"]
[White "Loder, Wilhelm"]
[Black "Tauber, Rainer"]
[Result "0-1"]
[WhiteElo "2099"]
[BlackElo "1963"]
[PlyCount "75"]
[EventDate "2009.10.18"]
[EventType "team-tourn"]
[EventRounds "9"]
[EventCountry "GER"]
[SourceTitle "EXT 2011"]
[Source "ChessBase"]
[SourceDate "2010.11.26"]
[SourceVersion "1"]
[SourceVersionDate "2010.11.26"]
[SourceQuality "1"]
[WhiteTeam "Ilmmuenster"]
[BlackTeam "Deggendorf"]
[WhiteTeamCountry "GER"]
[BlackTeamCountry "GER"]

1. e4 e6 2. d4 d5 3. Nc3 Nf6 4. e5 Nfd7 5. f4 c5 6. Nf3 Nc6 7. Be3 cxd4 8. Nxd4 Bc5 9. Qd2 0-0 10. 0-0-0 a6 11. Kb1 Nxd4 12. Bxd4 b5 13. Bxc5 Nxc5 14. Qd4 Qc7 15. Bd3 b4 16. Qxb4 Rb8 17. Qa3 Bd7 18. Ka1 a5 19. Rd2 Rb4 20. g3 Rfb8 21. Rb1 Qb6 22. b3 Bc6 23. Rdd1 d4 24. Ne2 Bf3 25. Re1 a4 26. Nc1 axb3 27. cxb3 Na4 28. Ne2 Nc5 29. Bc4 Bxe2 30. Bxe2 d3 31. Bf3 Na4 32. Rbd1 Qd4+ 33. Kb1 Nc3+ 34. Kc1 Nxd1 35. Kxd1 Rc8 36. Re4 Qa1+ 37. Kd2 Rxe4 38. Bxe4 0-1

[Event "Regionalliga SO 0910"]
[Site "Bayern"]
[Date "2010.01.24"]
[Round "5.2"]
[White "Schmidt, Wolfgang"]
[Black "Loder, Wilhelm"]
[Result "1-0"]
[WhiteElo "2235"]
[BlackElo "2099"]
[PlyCount "51"]
[EventDate "2009.10.18"]
[EventType "team-tourn"]
[EventRounds "9"]
[EventCountry "GER"]
[SourceTitle "EXT 2011"]
[Source "ChessBase"]
[SourceDate "2010.11.26"]
[SourceVersion "1"]
[SourceVersionDate "2010.11.26"]
[SourceQuality "1"]
[WhiteTeam "Landshut"]
[BlackTeam "Ilmmuenster"]
[WhiteTeamCountry "GER"]
[BlackTeamCountry "GER"]

1. e4 c5 2. d4 cxd4 3. c3 dxc3 4. Nxc3 e6 5. Nf3 Bc5 6. Bc4 Ne7 7. Bf4 a6 8. 0-0 0-0 9. e5 Ng6 10. Bg3 b5 11. Bd3 Bb7 12. Ne4 Bxe4 13. Bxe4 Ra7 14. h4 d5 15. exd6 f5 16. Ng5 Rf6 17. Nxe6 Rxe6 18. Bd5 Nf8 19. Re1 Qf6 20. Rxe6 Nxe6 21. Qe2 Kf7 22. Re1 Bb4 23. Bxe6+ Kf8 24. Rc1 Ba5 25. Rc8+ Bd8 26. Rxb8 1-0

[Event "Regionalliga SO 0910"]
[Site "Bayern"]
[Date "2009.11.29"]
[Round "3.3"]
[White "Loder, Wilhelm"]
[Black "Kern, Johannes"]
[Result "1/2-1/2"]
[WhiteElo "2099"]
[BlackElo "2182"]
[PlyCount "115"]
[EventDate "2009.10.18"]
[EventType "team-tourn"]
[EventRounds "9"]
[EventCountry "GER"]
[SourceTitle "EXT 2011"]
[Source "ChessBase"]
[SourceDate "2010.11.26"]
[SourceVersion "1"]
[SourceVersionDate "2010.11.26"]
[SourceQuality "1"]
[WhiteTeam "Ilmmuenster"]
[BlackTeam "Trostberg"]
[WhiteTeamCountry "GER"]
[BlackTeamCountry "GER"]

1. e4 e6 2. d4 d5 3. Nc3 Bb4 4. e5 b6 5. Qg4 Bf8 6. Bg5 Qd7 7. h4 h6 8. Bd2 Ba6 9. Bxa6 Nxa6 10. h5 Ne7 11. Qe2 Nb4 12. 0-0-0 Nec6 13. Nf3 Na5 14. b3 a6 15. a3 Nbc6 16. Kb2 b5 17. Na2 Nb7 18. Nb4 a5 19. Nd3 Na7 20. Ra1 Nc8 21. Be3 Qc6 22. Rhb1 Nb6 23. Bd2 Be7 24. Kc1 a4 25. b4 Nc4 26. Nc5 0-0-0 27. Kd1 Rdf8 28. Ke1 Nd8 29. Bf4 g5 30. hxg6 fxg6 31. Bg3 Qe8 32. Nd2 Nb6 33. Nf1 g5 34. Kd2 Nc4+ 35. Kc3 h5 36. Nd2 Nxd2 37. Qxd2 Qf7 38. f3 c6 39. Rh1 Qg6 40. Raf1 g4 41. fxg4 Qxg4 42. Bf4 Rf5 43. Be3 Rhf8 44. Rxf5 Rxf5 45. Nd3 Nf7 46. Ne1 Bg5 47. Kb2 Bxe3 48. Qxe3 Ng5 49. Qc3 Kb7 50. Nd3 Ne4 51. Nc5+ Nxc5 52. Qxc5 Rf7 53. Rh3 h4 54. Rc3 Rc7 55. Rh3 Qe4 56. Rf3 Qe2 57. Rh3 Qf2 58. Kb1 1/2-1/2

[Event "Bayern-chI Bank Hofmann 13th"]
[Site "Bad Wiessee"]
[Date "2009.11.01"]
[Round "2"]
[White "Loder, Wilhelm"]
[Black "Sharma, Dinesh Kumar"]
[Result "0-1"]
[WhiteElo "2096"]
[BlackElo "2335"]
[PlyCount "102"]
[EventDate "2009.10.31"]
[EventType "swiss"]
[EventRounds "9"]
[EventCountry "GER"]
[SourceTitle "EXT 2010"]
[Source "ChessBase"]
[SourceDate "2010.11.25"]
[SourceVersion "1"]
[SourceVersionDate "2010.11.25"]
[SourceQuality "1"]

1. e4 c5 2. Nf3 d6 3. d4 Nf6 4. Nc3 cxd4 5. Nxd4 a6 6. Qf3 e6 7. Be2 Qb6 8. Nb3 Qc7 9. 0-0 Nbd7 10. a4 b6 11. e5 Bb7 12. exd6 Bxd6 13. Qh3 0-0 14. Be3 Ne5 15. Rfd1 Ng6 16. Nd4 Bf4 17. Bf3 Bxe3 18. fxe3 Rac8 19. Bxb7 Qxb7 20. Qf3 Qc7 21. Ne4 Nxe4 22. Qxe4 e5 23. Nf3 Qxc2 24. Qb4 Qc4 25. Qxb6 Rb8 26. Qd6 Rxb2 27. Rd2 Rxd2 28. Qxd2 h6 29. a5 e4 30. Nd4 Ne5 31. h3 Rb8 32. Rc1 Qd5 33. Qf2 Qxa5 34. Qf5 Qd2 35. Rc8+ Rxc8 36. Qxc8+ Kh7 37. Qf5+ Ng6 38. Qxe4 Qc1+ 39. Kh2 a5 40. h4 Qc7+ 41. g3 Qe5 42. Qd3 a4 43. Qc4 Qxe3 44. Qxa4 Ne5 45. Kh3 Qe4 46. Qd1 g6 47. Nc2 Nd3 48. Qf1 Kg8 49. Kh2 Ne5 50. Qg2 Nf3+ 51. Kh1 h5 0-1

[Event "Regionalliga SO 0809"]
[Site "Bayern"]
[Date "2009.01.11"]
[Round "5.2"]
[White "Kislinger, Georg"]
[Black "Loder, Wilhelm"]
[Result "0-1"]
[WhiteElo "2095"]
[BlackElo "2096"]
[PlyCount "74"]
[EventDate "2008.10.05"]
[EventType "team-tourn"]
[EventRounds "9"]
[EventCountry "GER"]
[SourceTitle "EXT 2020"]
[Source "ChessBase"]
[SourceDate "2019.10.17"]
[SourceVersion "1"]
[SourceVersionDate "2019.10.17"]
[SourceQuality "1"]
[WhiteTeam "Ebersberg"]
[BlackTeam "Ilmmuenster"]
[WhiteTeamCountry "GER"]
[BlackTeamCountry "GER"]

1. d4 Nf6 2. Nf3 g6 3. c4 Bg7 4. Nc3 0-0 5. e4 d6 6. Be2 e5 7. 0-0 Na6 8. d5 Nc5 9. Qc2 a5 10. Ne1 Bd7 11. b3 h6 12. Bd2 Nh7 13. Nd3 Nxd3 14. Bxd3 f5 15. f3 f4 16. g4 h5 17. gxh5 Qg5+ 18. Kf2 Qxh5 19. Ke2 Bh3 20. Rf2 Bf6 21. Nb5 Bh4 22. Raf1 Bxf2 23. Rxf2 Ng5 24. Kd1 Nxf3 25. Be2 Bg4 26. Bxf3 Bxf3+ 27. Kc1 Rf7 28. c5 dxc5 29. Qxc5 Bg4 30. Nxc7 Rxc7 31. Qxc7 Rc8 32. d6 b6 33. Bc3 Rxc7 34. dxc7 f3 35. Rd2 Qh3 36. Bxe5 Qf1+ 37. Rd1 Qxd1+ 0-1

[Event "Regionalliga SO 0708"]
[Site "Bayern"]
[Date "2008.04.20"]
[Round "9.3"]
[White "Loder, Wilhelm"]
[Black "Tuchenhagen, Axel"]
[Result "1-0"]
[WhiteElo "2098"]
[BlackElo "2083"]
[PlyCount "135"]
[EventDate "2007.10.21"]
[EventType "team-tourn"]
[EventRounds "9"]
[EventCountry "GER"]
[SourceTitle "EXT 2009"]
[Source "ChessBase"]
[SourceDate "2008.11.26"]
[SourceVersion "1"]
[SourceVersionDate "2008.11.26"]
[SourceQuality "1"]
[WhiteTeam "Ilmmuenster"]
[BlackTeam "Starnberg"]
[WhiteTeamCountry "GER"]
[BlackTeamCountry "GER"]

1. e4 e5 2. Nf3 Nc6 3. Bb5 a6 4. Ba4 Nf6 5. 0-0 Be7 6. Qe2 b5 7. Bb3 0-0 8. c3 d6 9. Rd1 Bg4 10. d3 Na5 11. Bc2 c5 12. Nbd2 Nc6 13. h3 Bd7 14. Nf1 Qb8 15. d4 Rc8 16. dxc5 dxc5 17. Ne3 Be8 18. Nd5 Nd7 19. Nxe7+ Nxe7 20. Nh2 Nf8 21. Ng4 Ne6 22. Ne3 Rd8 23. Nd5 Ra7 24. Be3 Rad7 25. Qf3 Qa8 26. Rd2 Qc6 27. Nxe7+ Rxe7 28. Rd5 Qc7 29. Rad1 f6 30. Rxd8 Nxd8 31. Bxc5 Rd7 32. Rxd7 Qxd7 33. Qd3 Qxd3 34. Bxd3 Ne6 35. Bb6 Nf4 36. Bf1 Bc6 37. g3 Ne6 38. f3 h5 39. h4 g5 40. Bh3 Kf7 41. hxg5 fxg5 42. Bf5 Ng7 43. Bc8 Ne8 44. Bxa6 g4 45. fxg4 hxg4 46. Bc8 Nd6 47. Bxg4 Nc4 48. Bc7 Nxb2 49. Bxe5 Bxe4 50. Be2 Ke6 51. Bd4 Nd3 52. Bd1 Nc1 53. a4 bxa4 54. Bxa4 Ne2+ 55. Kf2 Nxd4 56. cxd4 Bd5 57. Ke3 Kf5 58. Bd1 Be6 59. Bf3 Bd7 60. g4+ Kg5 61. d5 Ba4 62. Kd4 Kf4 63. Be2 Bd7 64. Bd1 Bc8 65. Kc5 Ke3 66. Kc6 Kd2 67. Kc7 Ba6 68. d6 1-0

[Event "Regionalliga SO 0708"]
[Site "Bayern"]
[Date "2007.12.09"]
[Round "4.3"]
[White "Wawra, Juergen"]
[Black "Loder, Wilhelm"]
[Result "1/2-1/2"]
[WhiteElo "2147"]
[BlackElo "2096"]
[PlyCount "51"]
[EventDate "2007.10.21"]
[EventType "team-tourn"]
[EventRounds "9"]
[EventCountry "GER"]
[SourceTitle "EXT 2009"]
[Source "ChessBase"]
[SourceDate "2008.11.26"]
[SourceVersion "1"]
[SourceVersionDate "2008.11.26"]
[SourceQuality "1"]
[WhiteTeam "Germering"]
[BlackTeam "Ilmmuenster"]
[WhiteTeamCountry "GER"]
[BlackTeamCountry "GER"]

1. c4 c5 2. Nc3 Nc6 3. g3 g6 4. Bg2 Bg7 5. d3 e5 6. Nf3 d6 7. 0-0 Nge7 8. e4 0-0 9. Nd5 Nxd5 10. cxd5 Ne7 11. Ne1 f5 12. Nc2 f4 13. a4 g5 14. g4 a5 15. f3 h5 16. h3 Rf6 17. Na3 Bd7 18. Bd2 b6 19. Kf2 Rh6 20. Bc3 Ng6 21. Nc4 Nh4 22. Rh1 Bf8 23. Qb3 Rb8 24. Qd1 Rb7 25. Qb3 Rb8 26. Qd1 1/2-1/2

[Event "Regionalliga SO 0708"]
[Site "Bayern"]
[Date "2007.11.04"]
[Round "2.3"]
[White "Graf, Christian"]
[Black "Loder, Wilhelm"]
[Result "1/2-1/2"]
[WhiteElo "2045"]
[BlackElo "2096"]
[PlyCount "60"]
[EventDate "2007.10.21"]
[EventType "team-tourn"]
[EventRounds "9"]
[EventCountry "GER"]
[SourceTitle "EXT 2009"]
[Source "ChessBase"]
[SourceDate "2008.11.26"]
[SourceVersion "1"]
[SourceVersionDate "2008.11.26"]
[SourceQuality "1"]
[WhiteTeam "Pang/Rosenheim II"]
[BlackTeam "Ilmmuenster"]
[WhiteTeamCountry "GER"]
[BlackTeamCountry "GER"]

1. e4 c5 2. Nf3 e6 3. c3 d5 4. exd5 Qxd5 5. d4 Nf6 6. Na3 Qd8 7. Nc2 Nbd7 8. Be2 Be7 9. dxc5 Bxc5 10. Be3 Qc7 11. Bxc5 Nxc5 12. Bb5+ Bd7 13. Bxd7+ Ncxd7 14. Ne3 0-0 15. 0-0 Rfd8 16. Qe2 Nc5 17. Rfd1 e5 18. Rxd8+ Rxd8 19. Rd1 e4 20. Rxd8+ Qxd8 21. Nd4 g6 22. g3 a6 23. Ng4 Nxg4 24. Qxg4 h5 25. Qf4 Qd5 26. b3 Nd3 27. Qe3 Ne5 28. h3 Kh7 29. Kg2 b5 30. Nc2 Nf3 1/2-1/2

[Event "Regionalliga SO 0607"]
[Site "Bayern"]
[Date "2006.12.10"]
[Round "4.2"]
[White "Loder, Wilhelm"]
[Black "Huch, Reiner"]
[Result "0-1"]
[WhiteElo "2095"]
[BlackElo "2311"]
[PlyCount "80"]
[EventDate "2006.10.15"]
[EventType "team-tourn"]
[EventRounds "9"]
[EventCountry "GER"]
[SourceTitle "EXT 2008"]
[Source "ChessBase"]
[SourceDate "2007.11.25"]
[SourceVersion "1"]
[SourceVersionDate "2007.11.25"]
[SourceQuality "1"]
[WhiteTeam "Ilmmuenster"]
[BlackTeam "Trostberg"]
[WhiteTeamCountry "GER"]
[BlackTeamCountry "GER"]

1. e4 e6 2. d4 d5 3. Nc3 Nf6 4. e5 Nfd7 5. f4 c5 6. Nf3 Nc6 7. Be3 a6 8. Qd2 cxd4 9. Nxd4 Bc5 10. Be2 Bxd4 11. Bxd4 Nxd4 12. Qxd4 Qb6 13. Qxb6 Nxb6 14. 0-0-0 Bd7 15. b3 Ke7 16. Bf3 Rac8 17. Kb2 h6 18. h4 f6 19. Rhe1 Rc5 20. exf6+ Kxf6 21. Re3 g5 22. hxg5+ hxg5 23. fxg5+ Kxg5 24. Ne2 Kf6 25. Nf4 Rhc8 26. Rd2 Kf5 27. Nd3 d4 28. Nxc5 dxe3 29. Nxd7 exd2 30. Nxb6 Rd8 31. Bd1 Kf4 32. c3 e5 33. Kc2 e4 34. Nc4 e3 35. g3+ Ke4 36. a4 b5 37. axb5 axb5 38. Nb2 Ra8 39. Be2 Ra1 40. Bd1 Rc1# 0-1

[Event "Regionalliga SO 0607"]
[Site "Bayern"]
[Date "2006.11.19"]
[Round "3.2"]
[White "Taeger, Winfried"]
[Black "Loder, Wilhelm"]
[Result "1-0"]
[WhiteElo "2262"]
[BlackElo "2095"]
[PlyCount "55"]
[EventDate "2006.10.15"]
[EventType "team-tourn"]
[EventRounds "9"]
[EventCountry "GER"]
[SourceTitle "EXT 2008"]
[Source "ChessBase"]
[SourceDate "2007.11.25"]
[SourceVersion "1"]
[SourceVersionDate "2007.11.25"]
[SourceQuality "1"]
[WhiteTeam "Tegernsee II"]
[BlackTeam "Ilmmuenster"]
[WhiteTeamCountry "GER"]
[BlackTeamCountry "GER"]

1. e4 c5 2. Nf3 e6 3. Nc3 a6 4. g3 b5 5. d4 cxd4 6. Nxd4 Bb7 7. Bg2 Qc7 8. 0-0 Nc6 9. Re1 d6 10. a4 Nxd4 11. Qxd4 bxa4 12. Rxa4 Nf6 13. Rc4 Qb8 14. Rb4 Nd7 15. Nd5 Ne5 16. Qb6 Nc6 17. Qxb7 Nxb4 18. Qxa8 Qxa8 19. Nc7+ Kd7 20. Nxa8 Kc6 21. Bd2 a5 22. Ra1 Kb7 23. Bxb4 axb4 24. Bf1 Be7 25. Nc7 Bf6 26. Nb5 Bxb2 27. Nxd6+ Kc6 28. Ra6+ 1-0

[Event "Regionalliga SO 0607"]
[Site "Bayern"]
[Date "2006.10.15"]
[Round "1.2"]
[White "Loder, Wilhelm"]
[Black "Huwa, Walter"]
[Result "1/2-1/2"]
[WhiteElo "2091"]
[BlackElo "2139"]
[PlyCount "63"]
[EventDate "2006.10.15"]
[EventType "team-tourn"]
[EventRounds "9"]
[EventCountry "GER"]
[SourceTitle "EXT 2008"]
[Source "ChessBase"]
[SourceDate "2007.11.25"]
[SourceVersion "1"]
[SourceVersionDate "2007.11.25"]
[SourceQuality "1"]
[WhiteTeam "Ilmmuenster"]
[BlackTeam "Straubing"]
[WhiteTeamCountry "GER"]
[BlackTeamCountry "GER"]

1. e4 c5 2. Nf3 d6 3. Bb5+ Bd7 4. Bxd7+ Qxd7 5. c4 Nc6 6. 0-0 Nf6 7. Nc3 g6 8. d4 cxd4 9. Nxd4 Bg7 10. Nde2 0-0 11. f3 Rac8 12. Be3 Rfd8 13. Qd2 b6 14. Rad1 Qb7 15. b3 e6 16. Bg5 Rd7 17. Qf4 Ne8 18. Qh4 a6 19. f4 f6 20. Bh6 b5 21. cxb5 axb5 22. f5 exf5 23. exf5 g5 24. Qh3 Re7 25. Bxg7 Kxg7 26. Ng3 Nb4 27. Rfe1 Rcc7 28. Re6 Kg8 29. Nce4 Rxe6 30. fxe6 d5 31. Nf2 Ng7 32. Qg4 1/2-1/2

[Event "Bayern-chB 77th"]
[Site "Bad Woerishofen"]
[Date "2006.09.01"]
[Round "8"]
[White "Kirsch, Sebastian"]
[Black "Loder, Wilhelm"]
[Result "0-1"]
[WhiteElo "1801"]
[BlackElo "2090"]
[PlyCount "56"]
[EventDate "2006.08.26"]
[EventType "swiss"]
[EventRounds "9"]
[EventCountry "GER"]
[SourceTitle "EXT 2015"]
[Source "ChessBase"]
[SourceDate "2014.11.20"]
[SourceVersion "1"]
[SourceVersionDate "2014.11.20"]
[SourceQuality "1"]

1. d4 Nf6 2. Bg5 e6 3. e4 h6 4. Bxf6 Qxf6 5. c3 d6 6. Nf3 Nd7 7. Bc4 g6 8. Nbd2 Bg7 9. Qc2 0-0 10. 0-0-0 a6 11. Rde1 e5 12. d5 c5 13. Bb3 b5 14. c4 Nb6 15. Qd3 Bd7 16. Kc2 Rfb8 17. Rb1 Qd8 18. Rhc1 f5 19. Kd1 bxc4 20. Nxc4 fxe4 21. Qxe4 Bf5 22. Qe2 Nxc4 23. Bxc4 e4 24. Ne1 Qd7 25. h3 h5 26. b3 e3 27. Bd3 exf2 28. Qxf2 Rf8 0-1

[Event "Bayern-chB 77th"]
[Site "Bad Woerishofen"]
[Date "2006.08.31"]
[Round "7"]
[White "Loder, Wilhelm"]
[Black "Schmidt, Volker"]
[Result "1-0"]
[WhiteElo "2090"]
[BlackElo "1800"]
[PlyCount "61"]
[EventDate "2006.08.26"]
[EventType "swiss"]
[EventRounds "9"]
[EventCountry "GER"]
[SourceTitle "EXT 2015"]
[Source "ChessBase"]
[SourceDate "2014.11.20"]
[SourceVersion "1"]
[SourceVersionDate "2014.11.20"]
[SourceQuality "1"]

1. e4 c5 2. Nf3 d6 3. Bb5+ Bd7 4. Bxd7+ Nxd7 5. c4 Ngf6 6. Nc3 g6 7. d4 cxd4 8. Nxd4 Bg7 9. 0-0 0-0 10. b3 a6 11. Be3 Ne5 12. f3 Rc8 13. Qd2 Re8 14. Rac1 Qa5 15. Rfd1 Nfd7 16. Kh1 Nf6 17. Qe2 Nc6 18. Nd5 Nxd5 19. exd5 Nxd4 20. Bxd4 Bxd4 21. Rxd4 Qc5 22. Re4 Qc7 23. Re1 Kf8 24. Qe3 Qd7 25. Qh6+ Kg8 26. Rh4 e5 27. Qxh7+ Kf8 28. Rf4 Rc7 29. Qh8+ Ke7 30. Qf6+ Kf8 31. Rh4 1-0

[Event "Bayern-chB 77th"]
[Site "Bad Woerishofen"]
[Date "2006.08.29"]
[Round "5"]
[White "Duda, Karl Heinz"]
[Black "Loder, Wilhelm"]
[Result "1/2-1/2"]
[WhiteElo "1668"]
[BlackElo "2090"]
[PlyCount "87"]
[EventDate "2006.08.26"]
[EventType "swiss"]
[EventRounds "9"]
[EventCountry "GER"]
[SourceTitle "EXT 2015"]
[Source "ChessBase"]
[SourceDate "2014.11.20"]
[SourceVersion "1"]
[SourceVersionDate "2014.11.20"]
[SourceQuality "1"]

1. c4 g6 2. Nc3 Bg7 3. Nf3 d6 4. d4 Nf6 5. g3 0-0 6. Bg2 Nbd7 7. 0-0 e5 8. dxe5 dxe5 9. Bg5 h6 10. Bxf6 Bxf6 11. Qd2 Bg7 12. Rad1 c6 13. Qd6 Re8 14. Bh3 Bf8 15. Qd2 f5 16. e4 Qf6 17. exf5 gxf5 18. Nh4 Nc5 19. Qe2 Be6 20. b3 e4 21. Qc2 Bg7 22. Ne2 Nd3 23. f3 Qe5 24. fxe4 fxe4 25. Bxe6+ Qxe6 26. Nf4 Nxf4 27. Rxf4 Kh8 28. Qe2 e3 29. Rf3 Rad8 30. Rxd8 Rxd8 31. Nf5 Re8 32. Qxe3 Qxe3+ 33. Nxe3 Bd4 34. Kf2 Kg7 35. Ke2 Kg6 36. Kd3 Rd8 37. Nf1 Bf6+ 38. Kc2 Re8 39. Re3 Rf8 40. Rf3 Re8 41. Kd3 Re1 42. h3 Rd1+ 43. Ke4 Rd4+ 44. Ke3 1/2-1/2

[Event "Regionalliga SO 0506"]
[Site "Bayern"]
[Date "2006.01.29"]
[Round "6.2"]
[White "Huch, Reiner"]
[Black "Loder, Wilhelm"]
[Result "1-0"]
[WhiteElo "2311"]
[BlackElo "2091"]
[PlyCount "69"]
[EventDate "2005.10.23"]
[EventType "team-tourn"]
[EventRounds "9"]
[EventCountry "GER"]
[SourceTitle "EXT 2007"]
[Source "ChessBase"]
[SourceDate "2006.11.23"]
[SourceVersion "1"]
[SourceVersionDate "2006.11.23"]
[SourceQuality "1"]
[WhiteTeam "Trostberg TSV"]
[BlackTeam "Ilmmuenster"]
[WhiteTeamCountry "GER"]
[BlackTeamCountry "GER"]

1. d4 Nf6 2. Nf3 g6 3. b4 Bg7 4. e3 d6 5. Bb2 0-0 6. Be2 e5 7. dxe5 Ng4 8. c4 Nc6 9. Qb3 Ncxe5 10. 0-0 Nxf3+ 11. Bxf3 Bxb2 12. Qxb2 Ne5 13. Be2 Be6 14. Nd2 f5 15. f4 Nd7 16. Bf3 c6 17. Qd4 Nf6 18. Nb3 Qe7 19. Rad1 Rad8 20. Na5 a6 21. a3 Qc7 22. Qc3 d5 23. Qe5 Qe7 24. Nxb7 Qxb7 25. Qxe6+ Kg7 26. cxd5 cxd5 27. Qe5 Rfe8 28. Qd4 Kf7 29. Rc1 Rc8 30. Rfd1 Rxc1 31. Rxc1 Re7 32. Rc5 Rd7 33. h3 Qa8 34. Qc3 Qb7 35. Rc6 1-0